000 00544nam a2200193Ia 4500
005 20250923144610.0
008 008 250917s9999 xx 000 0 eng d
037 _aTextual
040 _aDSWL
_beng
_cDSWL
041 _aeng
_2eng
084 _aWxM69, N57
_qDSWL
245 0 _aGandhian concept of state
_cEd. by Biman Bihari Majumadar
260 _aCalcutta
_bM.C. Sarcar & Sons Pvt. Ltd.
_c1957
300 _axi,206p.
365 _aINR
_b7.00
925 _g7.00
942 _cTEXL
_hWxM69, N57
999 _c1440989
_d1440989